000 00830nam a2200265 i 4500
001 bg
100 1 _aREILLY, Douglas J.
245 1 0 _aProgramowanie aplikacji serwerowych /
_cDouglas J. Reilly ; Microsoft.
246 _iTyt. oryg.:
_aInside server - based applications
260 _aWarszawa :
_bWydaw. RM,
_c2001.
300 _a530 s. :
_brys. ;
_c24 cm +
_eCD ROM.
500 _aTyt. oryg.: "Inside server - based applications".
504 _aIndeks.
650 9 _aSieć komputerowa
_xprogramowanie
650 9 _aWindows
655 _aPodręczniki
020 _a8372431590
040 _cBPK
041 1 _apl
_hen
080 _a004.451:004.77](07)
920 _a83-7243-159-0
942 _cKS
008 s pl f |000 0 pol
999 _c40075
_d40075
856 _uhttp://koha.tu.koszalin.pl/cgi-bin/koha/opac-detail.pl?biblionumber=40075
_yKatalog online BPK